Sześć najbliższych krajów - Kuba - Statystyki

Ogólne statystyki
  • Ten quiz został rozwiązany 83 razy
  • Średni wynik to 4 z 6
Statystyki odpowiedzi
km kraj % Poprawnych
149 Stany Zjednoczone
91%
85 Haiti
78%
146 Jamajka
71%
255 Dominikana
70%
197 Meksyk
57%
89 Bahamy
54%
Nie znaleziono quizów pasujących do podanych kryteriów
Rozkład punktacji
Procent ludzi z każdym wynikiem
Percentyl według liczby udzielonych odpowiedzi
Twoja historia wyników
Nie rozwiązałeś tego quizu